000 00731nam a22002297i 4500
003 URS
005 20220114153341.0
008 171018b xxu||||| |||| 00| 0 eng d
020 _a9712321819
040 _erda
_cURSP-College Library
_beng
050 _b651 An25 1995
100 1 _aAndres, Dr.Tomas Quintin Donato
245 _aHow to Become a Successful Secretary:
_bA Manual Volume 1-Personality Development
_cDr. Tomas Quintin Donato Andres
264 1 _aManila
_bRex Book Store
_c1995.
300 _aix, 121pages
_c22cm.
336 _atext
_btxt
_2rdacontent
337 _aunmediated
_bn
_2rdamedia
338 _avolume
_bnc
_2rdacarrier
500 _aIncludes bibliography
650 0 _asuccessful-secretary.
942 _2lcc
_cF
999 _c8475
_d8475